[Event "Open International Graz"]
[Date "2026.02.17"]
[White "Noy, Eyal"]
[Black "Dahl, Christoph"]
[WhiteElo "2261"]
[BlackElo "2378"]
[Round "6.6.12"]
[Result "0-1"]

d4 {[%clk 1:24:18]} Nf6 {[%clk 1:30:52]} c4 {[%clk 1:24:44]} e6 {[%clk 1:31:15]}
Nf3 {[%clk 1:24:56]} d5 {[%clk 1:31:38]} g3 {[%clk 1:25:20]} dxc4 {[%clk
1:31:57]} Bg2 {[%clk 1:25:37]} c5 {[%clk 1:32:07]} O-O {[%clk 1:25:49]} Nc6
{[%clk 1:31:55]} Ne5 {[%clk 1:24:07]} Bd7 {[%clk 1:32:07]} Na3 {[%clk 1:24:12]}
cxd4 {[%clk 1:30:31]} Naxc4 {[%clk 1:24:35]} Be7 {[%clk 1:29:32]} Qb3 {[%clk
1:21:23]} Qc7 {[%clk 1:26:43]} Bf4 {[%clk 1:18:11]} Nh5 {[%clk 1:27:01]} Nxc6
{[%clk 1:15:56]} Nxf4 {[%clk 1:27:20]} Nxe7 {[%clk 1:16:16]} Nxg2 {[%clk
1:27:43]} Kxg2 {[%clk 0:54:30]} Kxe7 {[%clk 1:27:11]} Qa3+ {[%clk 0:34:05]} Kf6
{[%clk 1:26:45]} Qf3+ {[%clk 0:28:24]} Ke7 {[%clk 1:11:51]} Qa3+ {[%clk
0:28:07]} Kf6 {[%clk 1:11:21]} Qf3+ {[%clk 0:15:48]} Kg5 {[%clk 0:28:38]} h4+
{[%clk 0:15:15]} Kh6 {[%clk 0:29:04]} Qg4 {[%clk 0:15:20]} f6 {[%clk 0:29:30]}
Qxd4 {[%clk 0:15:07]} Rhd8 {[%clk 0:29:51]} Kg1 {[%clk 0:12:30]} Bb5 {[%clk
0:27:46]} Qe3+ {[%clk 0:12:43]} Kg6 {[%clk 0:28:13]} Na3 {[%clk 0:08:50]} Bc6
{[%clk 0:28:15]} Qxe6 {[%clk 0:08:35]} Rd4 {[%clk 0:21:59]} Rac1 {[%clk
0:03:38]} Qa5 {[%clk 0:21:38]} Nc4 {[%clk 0:02:30]} Qc5 {[%clk 0:16:02]} Ne3
{[%clk 0:02:26]} Qh5 {[%clk 0:16:08]} Rxc6 {[%clk 0:01:12]} bxc6 {[%clk
0:16:31]} Qxc6 {[%clk 0:00:56]} Rad8 {[%clk 0:16:29]} Qc2+ {[%clk 0:00:41]} Kf7
{[%clk 0:16:41]} Nf5 {[%clk 0:00:35]} R4d5 {[%clk 0:11:10]} e4 {[%clk 0:00:44]}
Rd1 {[%clk 0:11:32]} Qc4+ {[%clk 0:00:32]} Kg6 {[%clk 0:11:37]} Ne7+ {[%clk
0:00:43]} Kh6 {[%clk 0:12:04]} Nf5+ {[%clk 0:00:39]} Kg6 {[%clk 0:12:31]} Ne7+
{[%clk 0:00:32]} Kh6 {[%clk 0:12:56]} Ng8+ {[%clk 0:00:32]} Kg6 {[%clk 0:13:23]}
Qe6 {[%clk 0:00:31]} Qe2 {[%clk 0:12:46]} Ne7+ {[%clk 0:00:41]} Kh6 {[%clk
0:13:13]} Nf5+ {[%clk 0:11:11]} Kg6 {[%clk 0:26:27]} Ne7+ {[%clk 0:07:02]} Kh6
{[%clk 0:26:53]} Nf5+ {[%clk 0:07:07]} Kh5 {[%clk 0:18:58]} Qf7+ {[%clk
0:01:53]} g6 {[%clk 0:19:25]} Qxh7+ {[%clk 0:02:13]} Kg4 {[%clk 0:19:53]} Kh2
{[%clk 0:00:32]} Rxf1 {[%clk 0:11:09]} Qxg6+ {[%clk 0:00:41]} Kf3 {[%clk
0:11:35]} Nd4+ {[%clk 0:00:58]} Kxf2 {[%clk 0:12:00]} Nxe2 {[%clk 0:01:13]} Kxe2
{[%clk 0:12:24]} Kh3 {[%clk 0:00:31]} Rd4 {[%clk 0:09:54]} h5 {[%clk 0:00:32]}
Rd3 {[%clk 0:07:03]} Qf7 {[%clk 0:00:31]} Re3 {[%clk 0:04:50]} h6 {[%clk
0:00:31]} Rff3 {[%clk 0:02:05]} Qc4+ {[%clk 0:00:32]} Kf2 {[%clk 0:02:28]} Qc2+
{[%clk 0:00:52]} Re2 {[%clk 0:02:55]} Qc5+ {[%clk 0:00:40]} Ree3 {[%clk
0:03:20]} Qc2+ {[%clk 0:00:47]} Re2 {[%clk 0:03:45]} Qc5+ {[%clk 0:00:38]} Ree3
{[%clk 0:04:08]} h7 {[%clk 0:00:33]} Rxg3+ {[%clk 0:04:00]} Kh4 {[%clk 0:01:02]}
Rg1 {[%clk 0:04:02]} Qxa7 {[%clk 0:00:49]} Kf3 {[%clk 0:04:11]} Kh5 {[%clk
0:01:02]} Rg5+ {[%clk 0:03:16]} Kh6 {[%clk 0:00:57]} Re1 {[%clk 0:03:42]} Qa3+
{[%clk 0:01:10]} Kg2 {[%clk 0:04:04]} Qh3+ {[%clk 0:00:59]} Kxh3 {[%clk
0:04:29]} h8=Q {[%clk 0:01:28]} Rh1 {[%clk 0:04:48]} Qxf6 {[%clk 0:01:43]} Kg4#
{[%clk 0:04:41]}

[Variant "Standard"]
[Site "Europe Echecs"]

[Event "Open International Graz"]
[Date "2026.02.17"]
[White "Krawczyk, Flawian"]
[Black "Pranesh M"]
[WhiteElo "2334"]
[BlackElo "2627"]
[Round "6.6.13"]
[Result "0-1"]

d4 {[%clk 1:30:58]} Nf6 {[%clk 1:30:53]} c4 {[%clk 1:31:24]} e6 {[%clk 1:31:19]}
Nc3 {[%clk 1:31:51]} Bb4 {[%clk 1:31:34]} e3 {[%clk 1:31:55]} b6 {[%clk
1:31:20]} Ne2 {[%clk 1:28:06]} c5 {[%clk 1:31:17]} a3 {[%clk 1:26:01]} Ba5
{[%clk 1:31:20]} Bd2 {[%clk 1:22:53]} O-O {[%clk 1:30:13]} Ng3 {[%clk 1:21:21]}
d5 {[%clk 1:23:57]} cxd5 {[%clk 1:11:33]} cxd4 {[%clk 1:21:44]} exd4 {[%clk
1:11:17]} Bxc3 {[%clk 1:22:04]} bxc3 {[%clk 1:08:22]} Qxd5 {[%clk 1:21:41]} Be2
{[%clk 1:08:04]} Bb7 {[%clk 1:21:39]} Bf3 {[%clk 1:01:52]} Qd7 {[%clk 1:21:41]}
O-O {[%clk 0:58:07]} Rc8 {[%clk 1:17:09]} Be2 {[%clk 0:51:56]} Bd5 {[%clk
1:14:27]} a4 {[%clk 0:48:00]} Qb7 {[%clk 1:11:18]} f3 {[%clk 0:47:17]} Nbd7
{[%clk 1:10:59]} Bd3 {[%clk 0:45:22]} Bc4 {[%clk 1:09:59]} Qe2 {[%clk 0:44:57]}
Qa6 {[%clk 1:03:28]} Bxc4 {[%clk 0:44:54]} Qxc4 {[%clk 1:03:44]} Qxc4 {[%clk
0:40:01]} Rxc4 {[%clk 1:02:23]} a5 {[%clk 0:40:00]} b5 {[%clk 0:56:27]} a6
{[%clk 0:39:55]} Rb8 {[%clk 0:45:10]} Rfb1 {[%clk 0:34:50]} Nd5 {[%clk 0:44:07]}
Ne4 {[%clk 0:31:00]} Rb6 {[%clk 0:39:02]} Be1 {[%clk 0:28:49]} Ra4 {[%clk
0:36:28]} Nc5 {[%clk 0:25:26]} Rxa1 {[%clk 0:35:37]} Rxa1 {[%clk 0:25:51]} Nxc5
{[%clk 0:36:02]} dxc5 {[%clk 0:26:18]} Rc6 {[%clk 0:36:28]} Ra5 {[%clk 0:20:50]}
f6 {[%clk 0:24:34]} Rxb5 {[%clk 0:20:00]} Rxa6 {[%clk 0:24:38]} c4 {[%clk
0:18:21]} Ne7 {[%clk 0:21:38]} Rb8+ {[%clk 0:16:29]} Kf7 {[%clk 0:22:02]} Rb7
{[%clk 0:16:57]} e5 {[%clk 0:20:51]} g3 {[%clk 0:10:16]} Ke6 {[%clk 0:20:58]}
Bf2 {[%clk 0:10:24]} h5 {[%clk 0:18:19]} h4 {[%clk 0:10:16]} g6 {[%clk 0:19:37]}
Rb8 {[%clk 0:08:57]} Ra4 {[%clk 0:18:05]} Rb7 {[%clk 0:09:21]} Ra6 {[%clk
0:15:12]} Rb8 {[%clk 0:09:42]} Nc6 {[%clk 0:14:56]} Rc8 {[%clk 0:06:54]} Na5
{[%clk 0:14:20]} g4 {[%clk 0:01:42]} Nxc4 {[%clk 0:14:09]} gxh5 {[%clk 0:01:37]}
gxh5 {[%clk 0:14:38]} Rh8 {[%clk 0:01:05]} Kf5 {[%clk 0:12:07]} Kg2 {[%clk
0:14:17]} Kg6 {[%clk 0:24:40]} Rg8+ {[%clk 0:13:32]} Kf7 {[%clk 0:25:05]} Rh8
{[%clk 0:13:48]} Kg7 {[%clk 0:24:52]} Rb8 {[%clk 0:13:26]} Na5 {[%clk 0:24:11]}
f4 {[%clk 0:12:35]} exf4 {[%clk 0:23:45]} Rb4 {[%clk 0:11:28]} Nc6 {[%clk
0:24:09]} Rxf4 {[%clk 0:11:54]} Ra2 {[%clk 0:24:30]} Kg3 {[%clk 0:08:03]} Kg6
{[%clk 0:22:52]} Rf3 {[%clk 0:07:58]} Re2 {[%clk 0:20:07]} Ra3 {[%clk 0:07:50]}
Kf5 {[%clk 0:20:22]} Rf3+ {[%clk 0:07:53]} Kg6 {[%clk 0:19:56]} Ra3 {[%clk
0:08:13]} a5 {[%clk 0:19:50]} Rb3 {[%clk 0:07:58]} Kf5 {[%clk 0:19:18]} Rf3+
{[%clk 0:07:44]} Ke6 {[%clk 0:19:01]} Rd3 {[%clk 0:08:08]} Ke7 {[%clk 0:19:21]}
Kf3 {[%clk 0:06:40]} Re6 {[%clk 0:15:31]} Kf4 {[%clk 0:06:15]} Nb4 {[%clk
0:14:12]} Ra3 {[%clk 0:06:31]} Re2 {[%clk 0:13:40]} Kf3 {[%clk 0:04:34]} Ra2
{[%clk 0:14:00]} Rxa2 {[%clk 0:01:32]} Nxa2 {[%clk 0:14:26]} Be1 {[%clk
0:01:40]} Nb4 {[%clk 0:13:13]} Ke4 {[%clk 0:01:27]} Ke6 {[%clk 0:13:24]} Bd2
{[%clk 0:01:22]} Nc6 {[%clk 0:13:42]} Bc3 {[%clk 0:01:21]} a4 {[%clk 0:11:29]}
Bb2 {[%clk 0:01:44]} f5+ {[%clk 0:11:34]} Kf4 {[%clk 0:02:02]} Nb4 {[%clk
0:12:00]} Kg5 {[%clk 0:00:32]} f4 {[%clk 0:12:21]} c6 {[%clk 0:00:32]} f3 {[%clk
0:12:46]} c7 {[%clk 0:00:48]} Kd7 {[%clk 0:13:12]} Bd4 {[%clk 0:01:15]} Nd3
{[%clk 0:13:33]} Kxh5 {[%clk 0:01:36]} a3 {[%clk 0:13:59]} Kg4 {[%clk 0:02:00]}
f2 {[%clk 0:14:26]}

[Variant "Standard"]
[Site "Europe Echecs"]

[Event "Open International Graz"]
[Date "2026.02.17"]
[White "Perossa, Nicolas"]
[Black "Raja Rithvik R"]
[WhiteElo "2309"]
[BlackElo "2535"]
[Round "6.6.14"]
[Result "0-1"]

e4 {[%clk 1:28:44]} c5 {[%clk 1:30:53]} Nf3 {[%clk 1:29:06]} d6 {[%clk 1:31:18]}
d4 {[%clk 1:29:32]} cxd4 {[%clk 1:31:43]} Qxd4 {[%clk 1:29:56]} Nc6 {[%clk
1:32:00]} Qd3 {[%clk 1:30:17]} g6 {[%clk 1:32:17]} Nc3 {[%clk 1:30:37]} Bg7
{[%clk 1:32:37]} Be2 {[%clk 1:31:02]} Nf6 {[%clk 1:32:59]} Nd5 {[%clk 1:31:22]}
O-O {[%clk 1:32:11]} O-O {[%clk 1:31:44]} Nd7 {[%clk 1:32:30]} c3 {[%clk
1:32:08]} Nc5 {[%clk 1:32:53]} Qc2 {[%clk 1:32:33]} e6 {[%clk 1:33:17]} Ne3
{[%clk 1:32:59]} f5 {[%clk 1:33:41]} exf5 {[%clk 1:33:23]} gxf5 {[%clk 1:34:06]}
b4 {[%clk 1:33:36]} Ne4 {[%clk 1:34:29]} Bb2 {[%clk 1:34:00]} Qc7 {[%clk
1:34:51]} Rac1 {[%clk 1:24:35]} b6 {[%clk 1:05:46]} Rfd1 {[%clk 1:05:09]} Bb7
{[%clk 1:00:34]} b5 {[%clk 0:48:37]} Ne7 {[%clk 0:56:21]} Nd4 {[%clk 0:48:07]}
Rf6 {[%clk 0:44:58]} Bf3 {[%clk 0:44:38]} Rg6 {[%clk 0:42:28]} Qe2 {[%clk
0:37:25]} Kh8 {[%clk 0:40:41]} c4 {[%clk 0:23:50]} Rg8 {[%clk 0:27:14]} Bh5
{[%clk 0:18:24]} Rf6 {[%clk 0:25:57]} Nc6 {[%clk 0:17:34]} Rh6 {[%clk 0:15:59]}
Nd4 {[%clk 0:17:29]} Nc5 {[%clk 0:15:50]} Bf7 {[%clk 0:04:55]} Rf8 {[%clk
0:12:41]} Bh5 {[%clk 0:05:18]} f4 {[%clk 0:09:55]} Nf1 {[%clk 0:05:25]} e5
{[%clk 0:10:13]} Nb3 {[%clk 0:05:20]} f3 {[%clk 0:09:39]} Bxf3 {[%clk 0:05:41]}
Bxf3 {[%clk 0:08:44]} gxf3 {[%clk 0:06:09]} Ne6 {[%clk 0:09:09]} Ng3 {[%clk
0:04:16]} Nf4 {[%clk 0:08:48]} Qe4 {[%clk 0:04:08]} Qc8 {[%clk 0:06:26]} Kf1
{[%clk 0:04:34]} Rh4 {[%clk 0:05:14]} Qc2 {[%clk 0:04:10]} Qh3+ {[%clk 0:05:14]}
Ke1 {[%clk 0:04:38]} Qxh2 {[%clk 0:05:37]} Ne4 {[%clk 0:02:58]} Qh1+ {[%clk
0:04:41]} Kd2 {[%clk 0:03:22]} Qxf3 {[%clk 0:05:09]} Nxd6 {[%clk 0:02:42]} Rd8
{[%clk 0:03:22]} c5 {[%clk 0:00:31]} Qe2+ {[%clk 0:03:42]} Kc3 {[%clk 0:00:56]}
Nfd5+ {[%clk 0:04:08]}

[Variant "Standard"]
[Site "Europe Echecs"]

[Event "Open International Graz"]
[Date "2026.02.17"]
[White "Klimkowski, Jan"]
[Black "Piekielny, Pawel"]
[WhiteElo "2532"]
[BlackElo "2316"]
[Round "6.6.15"]
[Result "1-0"]

c4 {[%clk 1:30:57]} Nf6 {[%clk 1:30:25]} Nf3 {[%clk 1:30:31]} e6 {[%clk
1:27:40]} g3 {[%clk 1:30:44]} d5 {[%clk 1:26:37]} Bg2 {[%clk 1:31:03]} c6 {[%clk
1:24:20]} b3 {[%clk 1:26:20]} Nbd7 {[%clk 1:23:59]} Bb2 {[%clk 1:26:14]} Bd6
{[%clk 1:24:16]} d4 {[%clk 1:22:43]} b6 {[%clk 1:24:02]} O-O {[%clk 1:22:04]} a5
{[%clk 1:23:39]} Nc3 {[%clk 1:20:12]} Ba6 {[%clk 1:23:52]} Nd2 {[%clk 1:11:57]}
O-O {[%clk 1:22:07]} e4 {[%clk 1:11:59]} Bb4 {[%clk 1:17:28]} a3 {[%clk
1:05:56]} Bxc3 {[%clk 1:11:50]} Bxc3 {[%clk 1:06:22]} b5 {[%clk 1:11:47]} e5
{[%clk 0:58:07]} Ne8 {[%clk 1:11:10]} Re1 {[%clk 0:57:51]} Qc7 {[%clk 0:57:51]}
c5 {[%clk 0:57:01]} b4 {[%clk 0:56:10]} axb4 {[%clk 0:55:36]} axb4 {[%clk
0:56:35]} Bxb4 {[%clk 0:55:26]} Qb7 {[%clk 0:57:01]} Bc3 {[%clk 0:52:54]} Nc7
{[%clk 0:55:40]} Qc2 {[%clk 0:52:13]} Bb5 {[%clk 0:57:17]} Ba5 {[%clk 0:46:39]}
Ra7 {[%clk 0:53:29]} f4 {[%clk 0:45:54]} Rfa8 {[%clk 0:53:02]} b4 {[%clk
0:44:45]} Ne8 {[%clk 0:53:28]} g4 {[%clk 0:42:53]} Nf8 {[%clk 0:53:44]} Qc3
{[%clk 0:38:00]} Ng6 {[%clk 0:52:01]} Qg3 {[%clk 0:38:13]} Ne7 {[%clk 0:52:07]}
Ra3 {[%clk 0:35:45]} Qd7 {[%clk 0:52:32]} Rf3 {[%clk 0:34:29]} Kh8 {[%clk
0:48:03]} Bh3 {[%clk 0:30:50]} f5 {[%clk 0:46:27]} exf6 {[%clk 0:23:54]} Nxf6
{[%clk 0:41:57]} Rfe3 {[%clk 0:24:20]} Ne4 {[%clk 0:41:53]} Nxe4 {[%clk
0:24:45]} dxe4 {[%clk 0:42:20]} Rxe4 {[%clk 0:25:11]} Rf8 {[%clk 0:40:15]} f5
{[%clk 0:16:19]} exf5 {[%clk 0:39:30]} Rxe7 {[%clk 0:15:08]} Qxd4+ {[%clk
0:39:56]} R7e3 {[%clk 0:13:54]} f4 {[%clk 0:34:38]} Qf2 {[%clk 0:14:20]} Raf7
{[%clk 0:34:57]} Re6 {[%clk 0:10:27]} Qd5 {[%clk 0:33:21]} Bf1 {[%clk 0:07:21]}
Bxf1 {[%clk 0:33:29]} Qxf1 {[%clk 0:07:48]} f3 {[%clk 0:29:54]} Qf2 {[%clk
0:08:14]} Kg8 {[%clk 0:26:02]} h3 {[%clk 0:04:24]} Rf6 {[%clk 0:24:37]} Rxf6
{[%clk 0:04:04]} Rxf6 {[%clk 0:25:03]} Bc7 {[%clk 0:14:09]} h5 {[%clk 0:39:15]}
Re8+ {[%clk 0:10:40]} Kh7 {[%clk 0:32:50]} Qc2+ {[%clk 0:06:28]} Rg6 {[%clk
0:33:15]} Re4 {[%clk 0:05:19]} Kh8 {[%clk 0:31:29]} Bg3 {[%clk 0:05:30]} hxg4
{[%clk 0:30:02]} hxg4 {[%clk 0:05:56]} Re6 {[%clk 0:27:04]} Rxe6 {[%clk
0:06:20]} Qxe6 {[%clk 0:27:32]} Kf2 {[%clk 0:05:58]} Qxg4 {[%clk 0:27:30]} Qd2
{[%clk 0:06:04]} Qf5 {[%clk 0:24:09]} Qd8+ {[%clk 0:04:56]} Kh7 {[%clk 0:24:32]}
Qd4 {[%clk 0:04:49]} Kh8 {[%clk 0:19:28]} Qe3 {[%clk 0:04:38]} Qd5 {[%clk
0:19:24]} Be5 {[%clk 0:03:03]} Kg8 {[%clk 0:19:12]} Bc3 {[%clk 0:03:29]} Qd1
{[%clk 0:18:58]} Qe8+ {[%clk 0:03:42]} Kh7 {[%clk 0:19:23]} Qh5+ {[%clk
0:04:08]} Kg8 {[%clk 0:19:50]} Qxf3 {[%clk 0:03:46]} Qc2+ {[%clk 0:20:03]} Ke1
{[%clk 0:03:59]} Qc1+ {[%clk 0:19:49]} Ke2 {[%clk 0:04:26]} Qc2+ {[%clk
0:20:16]} Bd2 {[%clk 0:04:54]} Qc4+ {[%clk 0:20:32]} Kd1 {[%clk 0:05:19]} Qe6
{[%clk 0:20:23]} Kc1 {[%clk 0:05:24]} Qg6 {[%clk 0:18:24]} Kb2 {[%clk 0:05:39]}
Qe6 {[%clk 0:18:39]} Bc3 {[%clk 0:05:55]} Qd7 {[%clk 0:18:32]} Qg2 {[%clk
0:06:10]} Kf8 {[%clk 0:18:57]} b5 {[%clk 0:05:37]}

[Variant "Standard"]
[Site "Europe Echecs"]

[Event "Open International Graz"]
[Date "2026.02.17"]
[White "Deuer, Marius"]
[Black "Silva, Pedro Gil Ferreira Da"]
[WhiteElo "2502"]
[BlackElo "2329"]
[Round "6.6.16"]
[Result "1/2-1/2"]

d4 {[%clk 1:30:57]} d5 {[%clk 1:30:20]} c4 {[%clk 1:31:08]} e6 {[%clk 1:30:46]}
Nc3 {[%clk 1:31:33]} c5 {[%clk 1:31:12]} cxd5 {[%clk 1:31:27]} exd5 {[%clk
1:31:37]} Nf3 {[%clk 1:31:34]} Nc6 {[%clk 1:32:04]} g3 {[%clk 1:31:31]} Nf6
{[%clk 1:32:26]} Bg2 {[%clk 1:31:48]} cxd4 {[%clk 1:32:31]} Nxd4 {[%clk
1:32:05]} Bc5 {[%clk 1:32:56]} Nxc6 {[%clk 1:32:24]} bxc6 {[%clk 1:33:19]} O-O
{[%clk 1:32:47]} O-O {[%clk 1:33:29]} Na4 {[%clk 1:32:54]} Bb6 {[%clk 1:32:51]}
Nxb6 {[%clk 1:24:18]} axb6 {[%clk 1:31:38]} Qc2 {[%clk 1:24:43]} Qd6 {[%clk
1:23:59]} Bf4 {[%clk 1:11:04]} Qe6 {[%clk 1:22:57]} b4 {[%clk 1:11:12]} Ba6
{[%clk 1:14:43]} Be3 {[%clk 0:59:36]} Nd7 {[%clk 1:09:36]} a4 {[%clk 0:58:13]}
Bc4 {[%clk 1:04:37]} Rfb1 {[%clk 0:50:28]} Ra6 {[%clk 0:57:13]} a5 {[%clk
0:42:00]} Rfa8 {[%clk 0:52:49]} Qd2 {[%clk 0:39:59]} h6 {[%clk 0:49:14]} h3
{[%clk 0:35:02]} c5 {[%clk 0:34:25]} bxc5 {[%clk 0:24:46]} Nxc5 {[%clk 0:33:32]}
Bxc5 {[%clk 0:15:15]} bxc5 {[%clk 0:33:32]} e3 {[%clk 0:15:40]} Qd6 {[%clk
0:29:43]} Rc1 {[%clk 0:11:06]} Qd8 {[%clk 0:21:29]} e4 {[%clk 0:07:56]} Rxa5
{[%clk 0:21:29]} Rxa5 {[%clk 0:08:19]} Qxa5 {[%clk 0:21:37]} Qxa5 {[%clk
0:08:36]} Rxa5 {[%clk 0:21:59]} exd5 {[%clk 0:09:02]} Bd3 {[%clk 0:21:57]} d6
{[%clk 0:06:39]} Ra6 {[%clk 0:22:09]} Rxc5 {[%clk 0:02:13]} Rxd6 {[%clk
0:22:34]}

[Variant "Standard"]
[Site "Europe Echecs"]

[Event "Open International Graz"]
[Date "2026.02.17"]
[White "Mattenberger, Matthias"]
[Black "Ben Ari, Yannay"]
[WhiteElo "2302"]
[BlackElo "2467"]
[Round "6.6.17"]
[Result "0-1"]

d4 {[%clk 1:30:56]} Nf6 {[%clk 1:25:31]} c4 {[%clk 1:31:11]} e6 {[%clk 1:25:55]}
Nc3 {[%clk 1:31:30]} Bb4 {[%clk 1:25:41]} e3 {[%clk 1:31:51]} O-O {[%clk
1:25:17]} Bd2 {[%clk 1:32:13]} d5 {[%clk 1:24:02]} Nf3 {[%clk 1:32:32]} b6
{[%clk 1:23:50]} Rc1 {[%clk 1:32:32]} Bb7 {[%clk 1:12:50]} cxd5 {[%clk 1:32:33]}
exd5 {[%clk 1:13:18]} Bd3 {[%clk 1:32:50]} a6 {[%clk 1:11:56]} Ne5 {[%clk
1:32:45]} Bd6 {[%clk 1:07:19]} f4 {[%clk 1:32:46]} c5 {[%clk 1:07:24]} Qf3
{[%clk 1:32:48]} cxd4 {[%clk 0:54:36]} exd4 {[%clk 1:27:29]} Nc6 {[%clk
0:54:38]} Be3 {[%clk 1:22:28]} Bb4 {[%clk 0:44:28]} O-O {[%clk 1:21:39]} Bxc3
{[%clk 0:42:38]} Rxc3 {[%clk 1:16:33]} Ne7 {[%clk 0:31:09]} f5 {[%clk 1:06:31]}
Ne4 {[%clk 0:26:03]} Rcc1 {[%clk 1:05:06]} f6 {[%clk 0:22:53]} Ng4 {[%clk
1:02:00]} Qd7 {[%clk 0:23:20]} Nf2 {[%clk 0:49:24]} Rfe8 {[%clk 0:21:13]} g4
{[%clk 0:47:51]} Nc8 {[%clk 0:16:48]} Nh3 {[%clk 0:36:23]} Ncd6 {[%clk 0:16:50]}
Nf4 {[%clk 0:33:00]} Ng5 {[%clk 0:15:04]} Qg3 {[%clk 0:29:43]} Nde4 {[%clk
0:10:12]} Qg2 {[%clk 0:27:50]} Nd6 {[%clk 0:08:54]} Rce1 {[%clk 0:24:45]} Qa4
{[%clk 0:05:00]} Qc2 {[%clk 0:22:06]} Qxc2 {[%clk 0:04:27]} Bxc2 {[%clk
0:22:29]} Nc4 {[%clk 0:04:52]} Kf2 {[%clk 0:19:10]} Nxb2 {[%clk 0:05:20]} Rb1
{[%clk 0:17:43]} Nc4 {[%clk 0:05:36]} Rfe1 {[%clk 0:16:53]} Rac8 {[%clk
0:02:28]} Bd3 {[%clk 0:13:35]} Ne4+ {[%clk 0:01:22]} Bxe4 {[%clk 0:12:24]} Rxe4
{[%clk 0:01:51]} Ne6 {[%clk 0:12:21]} Re8 {[%clk 0:00:45]} Rbc1 {[%clk 0:08:35]}
Kf7 {[%clk 0:00:45]} Bf4 {[%clk 0:08:39]} Rxe1 {[%clk 0:00:54]} Rxe1 {[%clk
0:09:05]} g6 {[%clk 0:00:32]} Bc7 {[%clk 0:07:02]} Bc8 {[%clk 0:00:40]} Nf4
{[%clk 0:05:59]} Rxe1 {[%clk 0:00:56]} Kxe1 {[%clk 0:06:21]} gxf5 {[%clk
0:00:36]} Nxd5 {[%clk 0:09:08]} b5 {[%clk 0:12:22]} gxf5 {[%clk 0:09:07]} Bxf5
{[%clk 0:12:24]} Bd8 {[%clk 0:08:25]} a5 {[%clk 0:04:16]} Ke2 {[%clk 0:06:15]}
a4 {[%clk 0:01:07]} Ne3 {[%clk 0:05:36]} Nxe3 {[%clk 0:00:33]} Kxe3 {[%clk
0:06:01]} Be6 {[%clk 0:00:46]} d5 {[%clk 0:05:37]} Bxd5 {[%clk 0:01:13]} a3
{[%clk 0:06:04]} b4 {[%clk 0:00:58]} axb4 {[%clk 0:06:30]} a3 {[%clk 0:01:24]}
Bb6 {[%clk 0:06:55]} a2 {[%clk 0:01:49]} Bd4 {[%clk 0:07:22]} Ke6 {[%clk
0:01:45]} b5 {[%clk 0:05:29]} f5 {[%clk 0:01:58]} b6 {[%clk 0:04:46]} Kd6 {[%clk
0:01:42]} Kd2 {[%clk 0:04:21]} f4 {[%clk 0:01:42]} Kc2 {[%clk 0:04:36]} Ke6
{[%clk 0:00:37]}

[Variant "Standard"]
[Site "Europe Echecs"]

[Event "Open International Graz"]
[Date "2026.02.17"]
[White "Balint, Peter"]
[Black "Diachek, Andrii"]
[WhiteElo "2444"]
[BlackElo "2301"]
[Round "6.6.18"]
[Result "1/2-1/2"]

Nf3 {[%clk 1:27:26]} d5 {[%clk 1:30:13]} g3 {[%clk 1:27:46]} Nf6 {[%clk
1:30:09]} Bg2 {[%clk 1:28:01]} c6 {[%clk 1:30:01]} O-O {[%clk 1:28:25]} Bg4
{[%clk 1:30:27]} h3 {[%clk 1:28:51]} Bf5 {[%clk 1:24:36]} c4 {[%clk 1:27:47]} e6
{[%clk 1:26:06]} cxd5 {[%clk 1:28:11]} exd5 {[%clk 1:26:03]} d3 {[%clk 1:28:36]}
Be7 {[%clk 1:25:50]} Qb3 {[%clk 1:28:28]} Qc8 {[%clk 1:20:25]} Kh2 {[%clk
1:09:30]} O-O {[%clk 1:19:53]} Nc3 {[%clk 1:09:00]} Na6 {[%clk 1:15:00]} Be3
{[%clk 1:02:32]} h6 {[%clk 0:57:58]} Rac1 {[%clk 0:59:52]} Nc7 {[%clk 0:55:40]}
Na4 {[%clk 0:38:49]} Re8 {[%clk 0:48:50]} Rfe1 {[%clk 0:30:01]} Bd6 {[%clk
0:38:19]} Bc5 {[%clk 0:28:01]} Nb5 {[%clk 0:36:43]} Bxd6 {[%clk 0:26:30]} Nxd6
{[%clk 0:35:31]} Nd4 {[%clk 0:26:37]} Bg6 {[%clk 0:35:13]} a3 {[%clk 0:23:11]}
Qd8 {[%clk 0:31:52]} Nc5 {[%clk 0:21:19]} Qb6 {[%clk 0:28:00]} Qc3 {[%clk
0:18:41]} a5 {[%clk 0:19:07]} Rb1 {[%clk 0:15:42]} Re7 {[%clk 0:12:24]} Rec1
{[%clk 0:11:17]} Nd7 {[%clk 0:09:04]} Nxd7 {[%clk 0:02:04]} Rxd7 {[%clk
0:09:30]} a4 {[%clk 0:00:55]} Nf5 {[%clk 0:01:51]} Nxf5 {[%clk 0:01:12]} Bxf5
{[%clk 0:02:16]} Qc5 {[%clk 0:01:39]} Qb3 {[%clk 0:00:51]} Qc2 {[%clk 0:00:48]}
Qb6 {[%clk 0:00:43]} b3 {[%clk 0:01:10]} Re7 {[%clk 0:00:34]} Kg1 {[%clk
0:00:55]} Rae8 {[%clk 0:00:36]} Bf1 {[%clk 0:01:21]} Bxh3 {[%clk 0:00:34]} e3
{[%clk 0:00:40]} Bxf1 {[%clk 0:00:49]} Rxf1 {[%clk 0:00:48]} Qb4 {[%clk
0:00:57]} Kg2 {[%clk 0:00:51]} f5 {[%clk 0:00:47]} d4 {[%clk 0:00:40]} Re4
{[%clk 0:01:05]} Rfc1 {[%clk 0:00:42]} Qd6 {[%clk 0:01:10]} Qc5 {[%clk 0:01:03]}
Qg6 {[%clk 0:01:22]} Qxa5 {[%clk 0:00:46]} f4 {[%clk 0:01:03]} exf4 {[%clk
0:01:08]} Rxf4 {[%clk 0:01:22]} Re1 {[%clk 0:00:55]} Ref8 {[%clk 0:00:37]} Rb2
{[%clk 0:12:10]} Rxd4 {[%clk 0:13:35]} Re7 {[%clk 0:04:42]} Qf6 {[%clk 0:08:57]}
Qc3 {[%clk 0:02:48]} Qxe7 {[%clk 0:08:24]} Qxd4 {[%clk 0:03:14]} Qf6 {[%clk
0:05:14]} Qxf6 {[%clk 0:03:23]} Rxf6 {[%clk 0:05:08]} b4 {[%clk 0:03:50]} Rf8
{[%clk 0:05:05]} a5 {[%clk 0:03:53]} Ra8 {[%clk 0:04:50]} Kf3 {[%clk 0:01:22]}
Kf7 {[%clk 0:04:54]} Re2 {[%clk 0:01:22]} b6 {[%clk 0:03:03]} axb6 {[%clk
0:01:35]} Rb8 {[%clk 0:02:36]} Ra2 {[%clk 0:01:50]} Rxb6 {[%clk 0:03:41]} Ra7+
{[%clk 0:02:17]} Kf6 {[%clk 0:03:28]} Rd7 {[%clk 0:02:28]} Rxb4 {[%clk 0:02:48]}
Rd6+ {[%clk 0:02:52]} Ke5 {[%clk 0:02:45]} Rxc6 {[%clk 0:03:19]} Rb7 {[%clk
0:01:52]} Ke2 {[%clk 0:01:29]} Kd4 {[%clk 0:01:13]} Rg6 {[%clk 0:01:21]} Re7+
{[%clk 0:01:24]} Kd2 {[%clk 0:01:00]} Ke4 {[%clk 0:00:44]} Rg4+ {[%clk 0:00:53]}
Kf5 {[%clk 0:01:02]} Rf4+ {[%clk 0:01:12]} Ke5 {[%clk 0:01:16]} Rg4 {[%clk
0:00:54]} g5 {[%clk 0:01:07]} Ra4 {[%clk 0:01:08]} h5 {[%clk 0:00:44]} f4+
{[%clk 0:01:06]} Kf5 {[%clk 0:00:44]} fxg5 {[%clk 0:01:27]} Kxg5 {[%clk
0:00:57]} Rd4 {[%clk 0:01:48]} Re5 {[%clk 0:01:10]} Kd3 {[%clk 0:01:44]} Kf6
{[%clk 0:01:33]} Rh4 {[%clk 0:00:57]} Kg5 {[%clk 0:00:55]} Rd4 {[%clk 0:01:16]}
Rf5 {[%clk 0:00:50]} Ke3 {[%clk 0:01:42]} Kf6 {[%clk 0:01:07]} Rh4 {[%clk
0:00:38]} Rg5 {[%clk 0:00:35]} Ke2 {[%clk 0:00:40]} Ke5 {[%clk 0:00:48]} Kd2
{[%clk 0:00:43]} d4 {[%clk 0:00:54]} Ke2 {[%clk 0:00:58]} Kd5 {[%clk 0:00:58]}
Rh1 {[%clk 0:01:09]} Ke4 {[%clk 0:00:42]} Rh4+ {[%clk 0:01:35]} Ke5 {[%clk
0:01:00]} Rh3 {[%clk 0:01:35]} Kd5 {[%clk 0:00:35]} Rh1 {[%clk 0:02:02]} Re5+
{[%clk 0:00:47]} Kd3 {[%clk 0:02:27]} Re3+ {[%clk 0:00:50]} Kd2 {[%clk 0:02:51]}
Rxg3 {[%clk 0:00:46]} Rxh5+ {[%clk 0:03:17]} Kc4 {[%clk 0:01:12]} Rh8 {[%clk
0:03:29]} Rg2+ {[%clk 0:01:35]} Kc1 {[%clk 0:03:55]} Kc3 {[%clk 0:01:42]} Rc8+
{[%clk 0:04:21]} Kd3 {[%clk 0:02:07]} Rd8 {[%clk 0:04:49]} Rg1+ {[%clk 0:01:46]}
Kb2 {[%clk 0:05:10]} Rd1 {[%clk 0:02:07]} Rh8 {[%clk 0:05:28]} Re1 {[%clk
0:02:14]} Rd8 {[%clk 0:05:42]} Ke3 {[%clk 0:01:05]} Kc2 {[%clk 0:06:01]} Re2+
{[%clk 0:01:16]} Kd1 {[%clk 0:05:35]} Rh2 {[%clk 0:01:14]}

[Variant "Standard"]
[Site "Europe Echecs"]